000 00844nam a22002417a 4500
999 _c106118
_d106118
005 20200120154109.0
010 _aB-029295
020 _c95.00
035 _aB-029295
037 _bCen Lib/Ret
082 _a770
100 _aفرہاد علی
245 _aجدید پریکٹیکل فوٹو گرافے وتھد مووی کمرہ /
_cفرہاد علی
246 _bJadeed Practical Photo Graphi with Movie Camera /
_aby Farhad Ali
260 _aدہلی
_c2000 ء
_bرہی کتاب گھر
270 _bدہلی
_aC-20, جیوتی کالونی، لونو روڈ شاہدرہ
_e110032
300 _a237p.
_c20cm(Hb)
650 _a فوٹو گرافی
650 _aفوٹو گرافی کی ٹیکنالوجی
650 _aPhotography
650 _aPhotography technique
942 _2ddc
_cUR
_h770
_mف ر ہ